000 00398nam a2200157Ia 4500
008 230312s9999||||xx |||||||||||||| ||und||
020 _a81-88458-15-5
082 _a621.37
_bGUP-A
100 _aGupta,J,B
245 0 _aAdvanced Measurements and Instrumentation
260 _bS.Chand
_aIndia
_c2006
300 _a470
546 _aEng.
650 _aEngineering
_vTransducers,Telemetry
942 _cBK
999 _c1545
_d1545